000 01765nam a2200253 a 4500
003 MX-MxUPN
005 20241016063856.0
008 241011s2024 mx o|||fr|||| 000 0 spa d
020 _a9786074135282
040 _aMX-MxUPN
_bspa
_cMX-MxUPN
041 0 _aspa
050 1 4 _aHQ1075
_bR66 2024
245 0 0 _aRomper el molde :
_bdesmontando estereotipos de género en la universidad desde la ASCL
250 _aPrimera edición.
260 _aCiudad de México :
_bUniversidad Pedagógica Nacional,
_c2024
300 _a251 páginas :
_bfotografías
505 0 0 _tLa animación sociocultural de la lengua: una herramienta para deconstruir estereotipos de género /
_rEduardo Santiago Ruiz --
_tEntender el género como una categoría /
_rAdriana Guadalupe Ramírez Camacho, Ricardo García Jaime --
_tPasado y presente de la animación sociocultural de la lengua /
_rLinda Vanessa Correa Nava --
_tEscribir autobiografías /
_rAngélica Jiménez Robles --
_tDe romper el modelo y otras resonancias /
_rMaría Magdalena Dueñas Trejo --
_tGénero, trabajo y cuidados: una aproximación /
_rAdriana Guadalupe Ramírez Camacho --
_tLo que nadie ve: distribución sexual del trabajo /
_rLinda Vanessa Correa Nava --
_tLa belleza color corazón /
_rLucía Santiago González --
_t¿Rosa caramelo o azul celeste? /
_rRebeca Sánchez Quintero --
_tDesarticulando estereotipos del amor /
_rRicardo García Jaime --
_tEl amor en tiempos de género /
_rAntonia Cruz López --
_tEl amor es un milagro, lo sé ahora /
_rAngélica Jiménez Robles.
650 4 _aGénero
_95712
650 4 _aEstereotipos sexuales
_912813
650 4 _aRol sexual
_95307
700 1 _aJiménez Robles, Angélica
_949517
_ecordinación
902 _aMarielOrtiz/111024
_bVíctor Ruiz/151024
942 _2lcc
_cLIBRO
_n0
999 _c211829
_d211829